000 00418nam a2200169Ia 4500
008 230524s9999 xx 000 0 und d
020 _a8186011277
082 _a5.13
_bLAF
100 _aRobert Lafore
245 0 _aObject Oriented Programming in Microsoft C++
250 _a1ST
260 _aNEW DELHI
_bGalgotia
_c2004
300 _aXXV;756
500 _aQuantity Number: 27
650 _aComp-Sc
942 _cBK
999 _c17901
_d17901